Who needs the past? : indigenous values and archaeology

Αποθηκεύτηκε σε:
Λεπτομέρειες βιβλιογραφικής εγγραφής
Άλλοι συγγραφείς: Layton, Robert 1944- (Επιμελητής έκδοσης)
Μορφή: Βιβλίο
Γλώσσα:English
Δημοσίευση: London : Roudledge, 1994
Σειρά:One world archaeology ; ; 5
Θέματα:
Ετικέτες: Προσθήκη ετικέτας
Δεν υπάρχουν, Καταχωρήστε ετικέτα πρώτοι!

MARC

LEADER 00000nam a2200000 i 4500
001 1/97125
008 950203s1994 eng d
020 |a 0-415-09558-1 
035 |l 10010439 
040 |a GR-MY-UA  |b gre  |e aacr 
041 0 |a eng 
082 0 |a 901 
245 1 0 |a Who needs the past? :  |b indigenous values and archaeology /  |c Edited by Robert Layton 
260 |a London :   |b Roudledge,   |c 1994 
300 |a 215 p. 
490 1 |a One world archaeology  |v ; 5 
504 |a Includes bibliographical references and index 
650 0 0 |a Archaeology and history. 
650 0 0 |a History  |x Philosophy. 
700 1 |a Layton, Robert  |d 1944-  |4 edt 
830 0 |a One world archaeology ;  |v ; 5 
852 |a INST  |b LESVOS  |e 19950203  |h 901 WHO  |p 005100003063  |q 005100003063  |t BK  |y 0 
909 |a Λ  |b 037168